Szczegóły MARC21

Intryguj : przyciągnij uwagę i zdobywaj klientów /

003 -Nazwa inst., której nr kontr. jest w polu 001 [,]
    • @
    • Nazwa instytucji, której n kontrolny jest w polu 001
    • NUKAT
005 -DATA I CZAS OSTATNIEJ MODYFIKACJI [,]
    • @
    • pole kontrolne
    • 20260411171312.0
020 -Międzynarod. znormalizowany nr książki - ISBN [ , ]
    • a
    • Numer ISBN
    • 9788380879836 Find
040 -Instytucja sporządzająca opis [ , ]
    • a
    • Instytucja, która sporządziła opis (NP)
    • GD U/MJ
    • b
    • Język katalogowania
    • pol
    • e
    • Zasady katalogowania
    • rda
    • c
    • Instytucja, która sporządziła rekord (NP)
    • GD U/MJs
041 -Język dokumentu [1, ]
    • a
    • Język tekstu (P)
    • polski
    • h
    • Język tekstu oryginalnego i/lub pośredniego (P)
    • angielski
942 -Rodzaj dokumentu [ , ]
    • c
    • Rodzaj dokumentu
    • Książka
100 -Hasło główne - nazwa osobowa [1, ]
    • a
    • Nazwa osobowa (NP)
    • Horn, Sam.
    • e
    • Rodzaj współpracy
    • Autor
    • 9
    • KHW
    • 573990
245 -Strefa tytułu i oznaczenia odpowiedzialności [1,0]
    • a
    • Tytuł
    • Intryguj : Find
    • b
    • Ciąg dalszy tytułu (NP)
    • przyciągnij uwagę i zdobywaj klientów / Find
    • c
    • Pozostałe elementy strefy tytułu i oznaczenia odpowiedzialności (NP)
    • Sam Horn ; przekład Marcin Kowalczyk.
246 -Wariant tytułu [1, ]
    • i
    • Tekst wyświetlany na ekranie monitora (NP)
    • Tytuł oryginału:
    • a
    • Tytuł (NP)
    • Got your attention?
250 -Strefa wydania [ , ]
    • a
    • Oznaczenie wydania (NP)
    • Wydanie w nowej szacie graficznej.
260 -Strefa adresu wydawniczego [ , ]
    • a
    • Miejsce wydania (P)
    • Warszawa :
    • b
    • Nazwa wydawcy (P)
    • MT Biznes,
    • c
    • Data wydania (P)
    • 2020.
300 -Strefa opisu fizycznego [ , ]
    • a
    • Określenie formy książki i/lub objętość (NP)
    • 238 stron ;
    • c
    • Format (NP)
    • 22 cm.
336 -Typ zawartości [ , ]
    • a
    • Termin opisujący typ zawartości
    • Tekst
    • b
    • Kod określający zawartość
    • txt
    • 2
    • Źródło (terminu i kodu)
    • rdacontent
337 -Typ mediów [ , ]
    • a
    • Tryb odtwarzania
    • Bez urządzenia pośredniczącego
    • b
    • Kod typu mediów
    • n
    • 2
    • Źródło (terminu i kodu)
    • rdamedia
338 -Typ/rodzaj nośnika [ , ]
    • a
    • Hasło opisujące typ nośnika
    • Wolumin
    • b
    • Kod typu nośnika
    • nc
    • 2
    • Źródło (terminu i kodu)
    • rdacarrier
380 -Deskryptor - Forma dzieła (P) [ , ]
    • a
    • forma dzieła (NP)
    • Książki
380 -Deskryptor - Forma dzieła (P) [ , ]
    • a
    • forma dzieła (NP)
    • Poradniki i przewodniki
388 -Deskryptor - czas powstania dzieła (P) [1, ]
    • a
    • Czas powstania dzieła (NP)
    • 2001-
650 -Hasło przedmiotowe [ ,7]
    • a
    • Hasło przedmiotowe
    • Kompetencje komunikacyjne
    • 2
    • Źródło terminu
    • DBN
    • 9
    • KHW
    • 727009
650 -Hasło przedmiotowe [ ,7]
    • a
    • Hasło przedmiotowe
    • Komunikacja interpersonalna
    • 2
    • Źródło terminu
    • DBN
    • 9
    • KHW
    • 723928
650 -Hasło przedmiotowe [ ,7]
    • a
    • Hasło przedmiotowe
    • Komunikacja w biznesie
    • 2
    • Źródło terminu
    • DBN
    • 9
    • KHW
    • 727691
650 -Hasło przedmiotowe [ ,7]
    • a
    • Hasło przedmiotowe
    • Perswazja
    • 2
    • Źródło terminu
    • DBN
    • 9
    • KHW
    • 731274
650 -Hasło przedmiotowe [ ,7]
    • a
    • Hasło przedmiotowe
    • Prezentacje i wystąpienia
    • 2
    • Źródło terminu
    • DBN
    • 9
    • KHW
    • 725446
650 -Hasło przedmiotowe [ ,7]
    • a
    • Hasło przedmiotowe
    • Relacje międzyludzkie
    • 2
    • Źródło terminu
    • DBN
    • 9
    • KHW
    • 722973
650 -Hasło przedmiotowe [ ,7]
    • a
    • Hasło przedmiotowe
    • Sukces
    • 2
    • Źródło terminu
    • DBN
    • 9
    • KHW
    • 729387
650 -Hasło przedmiotowe [ ,7]
    • a
    • Hasło przedmiotowe
    • Atrakcyjność interpersonalna.
    • 2
    • Źródło terminu
    • kaba
    • 9
    • KHW
    • 194526
650 -Hasło przedmiotowe [ ,7]
    • a
    • Hasło przedmiotowe
    • Perswazja (psychologia).
    • 2
    • Źródło terminu
    • kaba
    • 9
    • KHW
    • 123535
650 -Hasło przedmiotowe [ ,7]
    • a
    • Hasło przedmiotowe
    • Stosunki międzyludzkie.
    • 2
    • Źródło terminu
    • kaba
    • 9
    • KHW
    • 131283
650 -Hasło przedmiotowe [ ,7]
    • a
    • Hasło przedmiotowe
    • Sukces.
    • 2
    • Źródło terminu
    • kaba
    • 9
    • KHW
    • 131594
655 -Hasło w funkcji tematu formalnego [ ,7]
    • a
    • Hasło
    • Poradnik
    • 2
    • Źródło terminu
    • DBN
    • 9
    • KHW
    • 721725
658 -Ujęcie treści [ , ]
    • a
    • dziedzina nauki i sztuki/ sfera aktywności życiowej
    • Praca, kariera, pieniądze
658 -Ujęcie treści [ , ]
    • a
    • dziedzina nauki i sztuki/ sfera aktywności życiowej
    • Rozwój osobisty
700 -Hasło dodatkowe - nazwa osobowa [1, ]
    • a
    • Nazwa osobowa (NP)
    • Kowalczyk, Marcin Find
    • c
    • Dopowiedzenie inne niż daty biograficzne (NP)
    • (tłumacz).
    • e
    • Określenie rodzaju współpracy
    • Tłumaczenie
    • 9
    • KHW
    • 8716
710 -Hasło dodatkowe - nazwa ciała zbiorowego [2, ]
    • a
    • Nazwa ciała zbiorowego lub nazwa geograficzna jako pierwszy element (NP)
    • MT Biznes.
    • e
    • Rodzaj współpracy
    • Wydawca
    • 4
    • Kod relacji
    • pbl
    • 9
    • KHW
    • 64165
920 -ISBN [ , ]
    • a
    • ISBN
    • 978-83-8087-983-6 Find
Numer inwentarzowy Status udost. Data inwentaryzacji Lokalizacja
E.79922-22021-01-12BE
S.96834-22021-01-12BE